| 000 | 00656nam a2200181 a 4500 | ||
|---|---|---|---|
| 008 | 120416s1985 ||||||||||||||||| || u | ||
| 020 | _a0860950433 | ||
| 050 | _aTA 340 Bla | ||
| 100 | _aBland, J. A., 1951- | ||
| 245 | 1 | 0 | _aStatistics for construction students |
| 260 |
_aLondon: _bConstruction Press Longman _c1985 |
||
| 300 | _avi, 169p.: ill | ||
| 350 | _a0.00 | ||
| 500 | _aIncludes index. -Bibliography: p. 166. | ||
| 650 | _aENGINEERING--STATISTICAL METHODS | ||
| 650 | 0 | _aPROBABILITIES | |
| 995 |
_D0.00 _FCBU-MAIN LIBRARY (Kitwe) _H1 _I8.95 _M1 _UAVAILABLE _ZMain Library Open Access Collection |
||
| 999 |
_c58363 _d58363 |
||